System modeling and analysis : (Record no. 11317)
[ view plain ]
| 000 -LEADER | |
|---|---|
| fixed length control field | 01456cam a2200349 a 4500 |
| 001 - CONTROL NUMBER | |
| control field | 15165030 |
| 005 - DATE AND TIME OF LATEST TRANSACTION | |
| control field | 20080806165343.0 |
| 008 - FIXED-LENGTH DATA ELEMENTS--GENERAL INFORMATION | |
| fixed length control field | 080201s2009 njua b 001 0 eng |
| 010 ## - LIBRARY OF CONGRESS CONTROL NUMBER | |
| LC control number | 2008005071 |
| 020 ## - INTERNATIONAL STANDARD BOOK NUMBER | |
| International Standard Book Number | 9780130348357 (alk. paper) |
| 020 ## - INTERNATIONAL STANDARD BOOK NUMBER | |
| International Standard Book Number | 013034835X (alk. paper) |
| 035 ## - SYSTEM CONTROL NUMBER | |
| System control number | (OCoLC)ocn192050026 |
| 035 ## - SYSTEM CONTROL NUMBER | |
| System control number | (OCoLC)192050026 |
| 040 ## - CATALOGING SOURCE | |
| Original cataloging agency | DLC |
| Transcribing agency | DLC |
| Modifying agency | YDX |
| -- | BAKER |
| -- | YDXCP |
| -- | DLC |
| 050 00 - LIBRARY OF CONGRESS CALL NUMBER | |
| Classification number | QA76.5 |
| Item number | .K578 2009 |
| 082 00 - DEWEY DECIMAL CLASSIFICATION NUMBER | |
| Classification number | 004.029 |
| Edition number | 22 |
| Item number | KOB |
| 100 1# - MAIN ENTRY--PERSONAL NAME | |
| Personal name | Kobayashi, Hisashi. |
| 9 (RLIN) | 3760 |
| 245 10 - TITLE STATEMENT | |
| Title | System modeling and analysis : |
| Remainder of title | foundations of system performance evaluation / |
| Statement of responsibility, etc | Hisashi Kobayashi, Brian L. Mark. |
| 250 ## - EDITION STATEMENT | |
| Edition statement | 1st ed. |
| Remainder of edition statement | International ed. |
| 260 ## - PUBLICATION, DISTRIBUTION, ETC. (IMPRINT) | |
| Place of publication, distribution, etc | Upper Saddle River, N.J. : |
| Name of publisher, distributor, etc | Pearson Prentice Hall, |
| Date of publication, distribution, etc | c2009. |
| 300 ## - PHYSICAL DESCRIPTION | |
| Extent | xviii, 782 p. : |
| Other physical details | ill. ; |
| Dimensions | 25 cm. |
| 500 ## - GENERAL NOTE | |
| General note | Includes Index. |
| 504 ## - BIBLIOGRAPHY, ETC. NOTE | |
| Bibliography, etc | Includes bibliographical references (p. 730-760) and index. |
| 650 #0 - SUBJECT ADDED ENTRY--TOPICAL TERM | |
| Topical term or geographic name as entry element | Electronic digital computers |
| General subdivision | Evaluation. |
| 9 (RLIN) | 3761 |
| 650 #0 - SUBJECT ADDED ENTRY--TOPICAL TERM | |
| Topical term or geographic name as entry element | System analysis. |
| 9 (RLIN) | 3762 |
| 650 #0 - SUBJECT ADDED ENTRY--TOPICAL TERM | |
| Topical term or geographic name as entry element | Queuing theory. |
| 9 (RLIN) | 3763 |
| 700 1# - ADDED ENTRY--PERSONAL NAME | |
| Personal name | Mark, Brian L. |
| Fuller form of name | (Brian Lai-bue), |
| Dates associated with a name | 1969- |
| 9 (RLIN) | 3764 |
| 700 1# - ADDED ENTRY--PERSONAL NAME | |
| Personal name | Kobayashi, Hisashi. |
| Title of a work | Modeling and analysis. |
| 9 (RLIN) | 3765 |
| 942 ## - ADDED ENTRY ELEMENTS (KOHA) | |
| Source of classification or shelving scheme | Dewey Decimal Classification |
| Item type | Book - Borrowing |
| Withdrawn status | Item status | Source of classification or shelving scheme | Damaged status | Not for loan | Vendor | Home library | Current library | Shelving location | Date acquired | Source of acquisition | Cost, normal purchase price | Serial Enumeration / chronology | Total Checkouts | Full call number | Barcode | Date last seen | Koha item type |
|---|---|---|---|---|---|---|---|---|---|---|---|---|---|---|---|---|---|
| Dewey Decimal Classification | Baccah | Central Library | Central Library | Lower Floor | 15/04/2009 | 256.00 | 7073 | 004.029 KOB | 000015949 | 15/07/2025 | Book - Borrowing |